00934nam a22002537a 450000500170000001000130001702000110003003500130004103700160005404000120007008200150008210000240009724501830012125000130030426000420031727000450035930000230040465000300042770000270045770000270048494200240051199900190053595201260055420170124110027.0 aA-980786 c105.00 aA-980786 bCen Lib/Ret aDPLbEN a512.5bSHA aSharma, J.N.911067 aLinear algebra :cby J.N.Sharma, A.R.Vasishtha [and] A.K.Vasishthaba course in finite dimensional vector spaces for pass,honours and post-graduates of all Indian Univeersities / a13th.ed. bKrishna Prakashan MediaaMeerutc2000 a11, Shivaji RoadbUttar Pradeshe250 001 axii,416p. c20(Hb) aAlgebra -- Linear.988956 aVasishtha, A.R.988957 aVasishtha, A.K.920818 2ddccENh512.5mSHA c127552d127552 00104070aLbLd2015-06-29eCen Lib/Retg105.00l0o512.5 SHApA-980786r2015-06-29 00:00:00t1v105.00w2015-06-29yEN